[Event "3rd Al Ain Chess Rapid"]
[Site "Al-Ain UAE"]
[Date "2014.12.18"]
[Round "6.20"]
[White "Suhail, Sokari"]
[Black "Tagelsir, Abubaker"]
[Result "0-1"]
[BlackTitle "FM"]
[WhiteElo "1912"]
[BlackElo "2029"]
[WhiteFideId "7604530"]
[BlackFideId "12200875"]
[EventDate "2014.12.18"]

1. d4 d5 2. c4 c6 3. Nc3 Nf6 4. Nf3 dxc4 5. a4 Bf5 6. Bg5 Ne4 7. Rc1 Nd7 8. e3
Nxc3 9. Rxc3 b5 10. d5 Nc5 11. dxc6 Qxd1+ 12. Kxd1 Nxa4 13. Nd4 Rd8 14. Kc1 Rxd4
15. exd4 Nxc3 16. bxc3 f6 17. Bf4 Be4 18. c7 Kd7 19. f3 Bb7 20. Be2 e6 21. Kc2
Bd6 22. Bxd6 Kxd6 23. Rb1 Kc6 24. f4 a6 25. Bf3+ Kxc7 26. Bxb7 Kxb7 27. Re1 Re8
28. Re3 Kc6 29. Re1 Kd6 30. Ra1 Ra8 31. Ra5 Kc6 32. Kd2 Kb6 33. Ra1 Ra7 34. Re1
Re7 35. Kc2 Kc6 36. g4 Kd5 37. g5 e5 38. gxf6 gxf6 39. dxe5 fxe5 40. Rd1+ Ke6
41. fxe5 Kxe5 42. Re1+ Kd6 43. Rd1+ Kc5 44. Rd2 a5 45. Rf2 Re5 46. h4 Rh5 47.
Rf4 b4 48. Kb2 Re5 49. Rf2 Kb5 50. Rg2 Ka4 51. Rc2 Re4 52. Rh2 h5 53. Kc2 Ka3
54. Kd2 b3 55. Rh1 b2 56. Kc2 Ka2 0-1

[Event "3rd Al Ain Chess Rapid"]
[Site "Al-Ain UAE"]
[Date "2014.12.18"]
[Round "6.22"]
[White "Mokal, Amruta Sunil"]
[Black "Ahmad, Alzarovni"]
[Result "1-0"]
[WhiteElo "2054"]
[BlackElo "1721"]
[WhiteFideId "5016371"]
[BlackFideId "9302301"]
[EventDate "2014.12.18"]

1. e4 d5 2. exd5 Qxd5 3. Nc3 Qd6 4. d4 Nf6 5. Nf3 c6 6. Bd3 Bg4 7. Be3 e6 8. h3
Bh5 9. Qe2 Be7 10. O-O-O Nd5 11. Nxd5 cxd5 12. g4 Bg6 13. Bb5+ Nc6 14. Ne5 O-O
15. Nxg6 fxg6 16. c3 a6 17. Bd3 b5 18. Kb1 b4 19. c4 Bf6 20. c5 Qc7 21. Bc2 a5
22. Ba4 Bh4 23. g5 Rf7 24. Qg4 Ne7 25. Qxh4 Nf5 26. Qg4 Rd8 27. Bf4 Qc8 28. Be5
Rdf8 29. h4 Ne7 30. f4 Nc6 31. Bxc6 Qxc6 32. h5 gxh5 33. Qxh5 g6 34. Qxg6+ 1-0

[Event "3rd Al Ain Chess Rapid"]
[Site "Al-Ain UAE"]
[Date "2014.12.18"]
[Round "6.23"]
[White "Abtini, Hasan"]
[Black "Amini, Hossein Ali"]
[Result "1-0"]
[WhiteElo "1987"]
[BlackElo "1521"]
[WhiteFideId "7601506"]
[BlackFideId "11201584"]
[EventDate "2014.12.18"]

1. b3 d5 2. Bb2 Nf6 3. Nf3 g6 4. e3 Bg7 5. Be2 O-O 6. O-O Nc6 7. c4 a6 8. d3 a5
9. a3 a4 10. Nbd2 dxc4 11. bxc4 Re8 12. d4 Nd7 13. Qc2 e5 14. d5 Ne7 15. e4 f6
16. c5 Ra5 17. d6 cxd6 18. cxd6 Nc6 19. Nc4 Ra8 20. Rfd1 b5 21. Ne3 Na7 22. Nd5
Bb7 23. Nc7 Rc8 24. Qb1 Rxc7 25. dxc7 Qxc7 26. Qa2+ Kh8 27. Rac1 Nc6 28. Qf7 1-0

[Event "3rd Al Ain Chess Rapid"]
[Site "Al-Ain UAE"]
[Date "2014.12.18"]
[Round "6.24"]
[White "Alnyeyadi, Abdulla"]
[Black "Bunyatov, Rustam"]
[Result "0-1"]
[BlackTitle "CM"]
[WhiteElo "1423"]
[BlackElo "2077"]
[WhiteFideId "9308393"]
[BlackFideId "13410210"]
[EventDate "2014.12.18"]

1. d4 Nf6 2. c4 g6 3. Nf3 Bg7 4. g3 O-O 5. Bg2 d6 6. O-O Nc6 7. e3 e5 8. d5 Ne7
9. Nc3 Nd7 10. Bd2 h6 11. Qc2 f5 12. Rac1 b6 13. e4 Nf6 14. exf5 Bxf5 15. Qb3 g5
16. Rfe1 Ng6 17. Re2 g4 18. Ne1 h5 19. Bg5 Qd7 20. Nc2 Nh7 21. Bd2 h4 22. Ne4 h3
23. Bh1 Rf7 24. Nb4 a5 25. Nc6 Raf8 26. Nc3 Bd3 27. Re3 Rxf2 28. Rxd3 Qf5 29.
Be4 Rf1+ 0-1

[Event "3rd Al Ain Chess Rapid"]
[Site "Al-Ain UAE"]
[Date "2014.12.18"]
[Round "6.25"]
[White "Harikrishnan, Samyuktha"]
[Black "Rafee, Mohd Hayel"]
[Result "0-1"]
[WhiteElo "1452"]
[BlackElo "1931"]
[WhiteFideId "25076140"]
[BlackFideId "7603126"]
[EventDate "2014.12.18"]

1. e4 c5 2. Nf3 d6 3. d4 cxd4 4. Nxd4 Nf6 5. Nc3 a6 6. Be2 e6 7. Be3 Be7 8. O-O
O-O 9. f4 Nfd7 10. Nb3 Nc6 11. Kh1 b6 12. Bf3 Bb7 13. Qe2 Qc7 14. Rad1 Nc5 15.
Nd4 Rad8 16. b4 Nxb4 17. Rb1 Nc6 18. Rfd1 b5 19. a3 Nxd4 20. Bxd4 Qa5 21. Bxc5
dxc5 22. e5 Bxf3 23. Qxf3 Rxd1+ 24. Rxd1 c4 25. Nb1 g6 26. h3 Rd8 27. g4 Rxd1+
28. Qxd1 Bxa3 29. Nxa3 Qxa3 30. Qd8+ Qf8 31. Qf6 Qa8+ 32. Kh2 a5 33. f5 Qc8 0-1

[Event "3rd Al Ain Chess Rapid"]
[Site "Al-Ain UAE"]
[Date "2014.12.18"]
[Round "6.26"]
[White "Bahari Rad, Alireza"]
[Black "Shah Shilpa"]
[Result "1-0"]
[WhiteElo "2129"]
[BlackElo "1240"]
[WhiteFideId "12513180"]
[BlackFideId "25069691"]
[EventDate "2014.12.18"]

1. d4 Nf6 2. Nf3 g6 3. Bf4 Bg7 4. e3 O-O 5. Be2 d6 6. c4 Na6 7. Nc3 c5 8. O-O
Qb6 9. Qd2 cxd4 10. exd4 Nh5 11. Be3 Bf5 12. Nh4 Be6 13. d5 Qd8 14. Bxh5 gxh5
15. dxe6 fxe6 16. Bh6 Nc5 17. Qg5 Rf7 18. b4 Qf8 19. bxc5 Kh8 20. Bxg7+ Rxg7 21.
Qxh5 Qf6 22. Ne4 Qd4 23. Ng5 Qxc5 24. Nhf3 Qxc4 25. Rae1 e5 26. Nh4 Rag8 27.
Ng6+ Rxg6 28. Qxh7# 1-0

[Event "3rd Al Ain Chess Rapid"]
[Site "Al-Ain UAE"]
[Date "2014.12.18"]
[Round "6.29"]
[White "Ahmed Mohamed Qayed"]
[Black "Sidharth Balaji Sridharan"]
[Result "1/2-1/2"]
[WhiteElo "1551"]
[BlackElo "1114"]
[WhiteFideId "9314261"]
[BlackFideId "45002789"]
[EventDate "2014.12.18"]

1. e4 c5 2. Nc3 g6 3. f4 Bg7 4. Nf3 Nc6 5. Bb5 d6 6. O-O Nf6 7. Qe1 O-O 8. d3
Bg4 9. Qg3 Qb6 10. Bxc6 Qxc6 11. e5 Bxf3 12. Rxf3 dxe5 13. fxe5 Nd7 14. Bf4 c4
15. d4 Qb6 16. Rd1 Qxb2 17. Qf2 Qb6 18. Qh4 Nxe5 19. Bxe5 Bxe5 20. Kh1 Bxd4 21.
Qxd4 Qxd4 22. Rxd4 Rac8 23. Rd7 b5 24. Nxb5 Rfd8 25. Rxd8+ Rxd8 26. h3 a6 27.
Nc3 Rd2 28. Rf4 Rxc2 29. Rxc4 e5 30. Kg1 e4 31. Kf1 e3 32. Ke1 e2 33. Rc5 Kg7
34. Ne4 Rxa2 35. Nd2 a5 36. Kxe2 a4 37. Kd1 a3 38. Ra5 Ra1+ 39. Kc2 a2 40. Kb2
Rg1 41. g4 Rg2 42. Rd5 Rh2 43. Rd3 Rg2 44. Kxa2 Kf6 45. Kb3 Kg5 46. Kc4 Kh4 47.
Nf3+ Kxh3 48. Ng5+ Kxg4 49. Nxf7 h5 50. Kd4 h4 51. Ke4 h3 52. Rd1 h2 53. Ne5+
Kg3 54. Nxg6 Rg1 55. Rd3+ Kf2 56. Rh3 h1=Q+ 57. Rxh1 Rxh1 58. Nf4 Rh4 59. Kf5
Kf3 60. Ng6 Rg4 61. Ne5+ Kg3 62. Nxg4 1/2-1/2

[Event "3rd Al Ain Chess Rapid"]
[Site "Al-Ain UAE"]
[Date "2014.12.18"]
[Round "6.32"]
[White "Fawwaz, Mohammed"]
[Black "Shah Jiya"]
[Result "0-1"]
[WhiteElo "1298"]
[BlackElo "1063"]
[WhiteFideId "35064193"]
[BlackFideId "25041568"]
[EventDate "2014.12.18"]

1. e4 e5 2. Nf3 Nc6 3. Bc4 Bc5 4. c3 d6 5. d4 exd4 6. cxd4 Bb6 7. O-O Nge7 8.
Bf4 Ng6 9. Bg3 Bg4 10. d5 Nd4 11. Qd3 Nxf3+ 12. gxf3 Bh3 13. Bb5+ Bd7 14. Bxd7+
Qxd7 15. Kg2 O-O 16. h4 Qe7 17. Rh1 Qf6 18. Nc3 Nf4+ 19. Bxf4 Qxf4 20. Ne2 Qf6
21. b3 Qg6+ 22. Kf1 Rfe8 23. Rg1 Qf6 24. Ng3 Qxa1+ 25. Kg2 Qb2 26. Kh3 Qxf2 27.
Rg2 Qe1 28. Nh5 Qh1+ 29. Rh2 Qa1 30. f4 Qd4 31. Qe2 Qxe4 32. Qg4 Qg6 33. Qf3 Re3
34. Qxe3 Bxe3 35. Ng3 Bxf4 36. Rg2 Bxg3 37. Rxg3 Qf5+ 38. Kh2 Re8 39. Rg2 Qf4+
40. Kh1 Re1+ 41. Rg1 Rxg1+ 42. Kxg1 Qxh4 43. b4 Qxb4 44. a3 Qxa3 45. Kh1 b5 46.
Kg1 b4 47. Kf1 b3 48. Ke1 b2 0-1

[Event "3rd Al Ain Chess Rapid"]
[Site "Al-Ain UAE"]
[Date "2014.12.18"]
[Round "7.1"]
[White "Mchedlishvili, Mikheil"]
[Black "Salem, A.R. Saleh"]
[Result "1/2-1/2"]
[WhiteTitle "GM"]
[BlackTitle "GM"]
[WhiteElo "2625"]
[BlackElo "2586"]
[WhiteFideId "13600966"]
[BlackFideId "9301348"]
[EventDate "2014.12.18"]

1. Nf3 c5 2. g3 Nc6 3. Bg2 g6 4. c4 Bg7 5. Nc3 d6 6. O-O e6 7. d3 Nge7 8. Bg5 h6
9. Bd2 O-O 10. a3 b6 11. Qc1 Kh7 12. b4 Rb8 13. Rb1 Bb7 14. Nb5 a6 15. Nc3 Nd4
16. Ne1 Bxg2 17. Kxg2 cxb4 18. axb4 b5 19. cxb5 axb5 20. e3 1/2-1/2

[Event "3rd Al Ain Chess Rapid"]
[Site "Al-Ain UAE"]
[Date "2014.12.18"]
[Round "7.2"]
[White "Ter-Sahakyan, Samvel"]
[Black "Onischuk, Vladimir"]
[Result "1-0"]
[WhiteTitle "GM"]
[BlackTitle "GM"]
[WhiteElo "2580"]
[BlackElo "2614"]
[WhiteFideId "13302531"]
[BlackFideId "14114038"]
[EventDate "2014.12.18"]

1. e4 d6 2. d4 Nf6 3. Nc3 g6 4. Be3 c6 5. Qd2 b5 6. f3 Qc7 7. O-O-O b4 8. Nce2
a5 9. Kb1 Nbd7 10. g4 Nb6 11. Nc1 h5 12. g5 Nfd7 13. f4 c5 14. dxc5 Nxc5 15. Bd4
Rg8 16. e5 Bb7 17. exd6 exd6 18. Bb5+ Nbd7 19. Qe3+ Ne6 20. Bb6 Qb8 21. Nf3 Bg7
22. Rhe1 Ke7 23. Bxd7 Kxd7 24. Ne5+ Bxe5 25. fxe5 d5 26. Nd3 Bc6 27. Nc5+ Kc8
28. Nxe6 fxe6 29. Rf1 Kb7 30. Rf7+ Ka6 31. Bd4 Bb5 32. Rf6 Qc8 33. b3 Qc6 34.
Rd2 Rac8 35. Rdf2 Rg7 36. Rxe6 Qxe6 37. Rf6 Rc6 38. Rxe6 Rxe6 39. Qf3 Rd7 40.
Qf8 Kb7 41. Qc5 Bc6 42. Qxa5 Kc8 43. Qxb4 Rf7 44. a4 Rf4 45. a5 Bb7 46. Qd2 Re4
47. Qf2 Bc6 48. a6 Be8 49. Bb6 d4 50. a7 Kb7 51. Qf3 Rxe5 52. Bxd4 Re6 53. Qc3
Bc6 54. Qb4+ Kc7 55. Qb8+ Kd7 56. a8=Q 1-0

[Event "3rd Al Ain Chess Rapid"]
[Site "Al-Ain UAE"]
[Date "2014.12.18"]
[Round "7.3"]
[White "Kryvoruchko, Yuriy"]
[Black "Gupta, Abhijeet"]
[Result "1-0"]
[WhiteTitle "GM"]
[BlackTitle "GM"]
[WhiteElo "2671"]
[BlackElo "2632"]
[WhiteFideId "14109182"]
[BlackFideId "5010608"]
[EventDate "2014.12.18"]

1. e4 c5 2. Nf3 d6 3. d4 cxd4 4. Qxd4 a6 5. h3 Nc6 6. Qe3 g6 7. c4 Bh6 8. Qc3
Qa5 9. Qxa5 Nxa5 10. Nc3 Be6 11. Nd5 Rc8 12. Bxh6 Nxh6 13. Nd2 f6 14. Bd3 Nf7
15. f4 g5 16. g3 h5 17. h4 gxf4 18. gxf4 Rg8 19. Kf2 Nh6 20. Rac1 Kf7 21. Nf3
Nc6 22. a3 Rg4 23. Ke3 Rcg8 24. Rhg1 Rg2 25. Rxg2 Rxg2 26. Be2 Ng4+ 27. Kd2 Nh2
28. Ne1 Rg3 29. Rc3 Rg1 30. Bxh5+ Kf8 31. Rd3 Nf1+ 32. Kd1 Ng3 33. Bf3 f5 34.
exf5 Bxf5 35. Rd2 Na5 36. Ne3 Be6 37. Rg2 Rxg2 38. N1xg2 Bxc4 39. Nxc4 Nxc4 40.
Bxb7 Nxb2+ 41. Kc2 Nc4 42. Bxa6 Nxa3+ 43. Kb2 e5 44. Kxa3 Kg7 45. Bd3 Kh6 46.
Bc2 Ne2 47. f5 d5 48. Ne3 Nf4 49. Ng4+ Kh5 50. Nxe5 Kxh4 51. Ng6+ 1-0

[Event "3rd Al Ain Chess Rapid"]
[Site "Al-Ain UAE"]
[Date "2014.12.18"]
[Round "7.4"]
[White "Mamedov, Rauf"]
[Black "Babujian, Levon"]
[Result "0-1"]
[WhiteTitle "GM"]
[BlackTitle "GM"]
[WhiteElo "2658"]
[BlackElo "2471"]
[WhiteFideId "13401653"]
[BlackFideId "13301993"]
[EventDate "2014.12.18"]

1. e4 e5 2. Nc3 Nf6 3. g3 Nc6 4. Bg2 Bc5 5. Nge2 d6 6. O-O h5 7. Na4 h4 8. Nxc5
dxc5 9. d3 hxg3 10. Nxg3 Be6 11. Bg5 Qd7 12. Bxf6 gxf6 13. Qf3 O-O-O 14. Qxf6
Rdg8 15. c3 Kb8 16. Rfd1 Bh3 17. Bh1 Qe8 18. Rd2 Bg4 19. Bf3 Rg6 20. Qxg6 fxg6
21. Bxg4 Qe7 22. h3 Qg5 23. Re2 Rd8 24. Re3 Ne7 25. Rd1 Ng8 26. Kg2 Nf6 27. Be2
a6 28. Rh1 Qh4 29. b3 Nd7 30. Bg4 Nf6 31. Be2 Nh7 32. Bg4 Rf8 33. Rd1 Nf6 34.
Be2 Nh5 35. Bxh5 gxh5 36. Nf5 Qf6 37. Rg3 Qb6 38. Rd2 Ka7 39. h4 Rd8 40. Rc2 c4
41. dxc4 Qc6 42. Re2 Qf6 43. Rg5 Qf7 44. Rg7 Qf6 45. Re3 Qc6 46. Ne7 Qd7 47. Nf5
Qd1 48. Reg3 Qc2 49. Ne3 Qxe4+ 50. Kh2 Qxh4+ 51. Kg2 Qe4+ 52. Kg1 Rf8 53. Rxc7
Qb1+ 54. Nf1 Qxa2 55. Rg2 Qxb3 56. c5 Rf7 57. Rc8 Rf4 58. c6 Rg4 59. Rxg4 hxg4
60. c7 Qxc3 61. Ne3 g3 62. Kg2 gxf2 63. Kxf2 e4 64. Nd5 Qf3+ 65. Ke1 Qh1+ 66.
Kd2 Qg2+ 67. Ke1 Qg3+ 68. Ke2 Qd3+ 69. Ke1 Qxd5 70. Rd8 Qa5+ 0-1

[Event "3rd Al Ain Chess Rapid"]
[Site "Al-Ain UAE"]
[Date "2014.12.18"]
[Round "7.5"]
[White "Bajarani, Ulvi"]
[Black "Petrosian, Tigran L."]
[Result "1/2-1/2"]
[WhiteTitle "GM"]
[BlackTitle "GM"]
[WhiteElo "2494"]
[BlackElo "2651"]
[WhiteFideId "13403028"]
[BlackFideId "13301616"]
[EventDate "2014.12.18"]

1. Nf3 Nf6 2. c4 c6 3. d4 d5 4. Nc3 dxc4 5. a4 Bf5 6. e3 e6 7. Bxc4 Nbd7 8. O-O
Bb4 9. Qe2 O-O 10. e4 Bg6 11. Bd3 Re8 12. Bf4 c5 13. Na2 a6 14. Nxb4 cxb4 15. a5
Bh5 16. Bd6 Nb8 17. e5 Nc6 18. Rfd1 Nd5 19. Be4 Nxa5 20. Bxd5 exd5 21. Bxb4 Nc6
22. Bc3 b5 23. Qe3 b4 24. Be1 a5 25. Rdc1 Qb6 26. Nh4 Qxd4 27. Rxc6 Qxh4 28. f4
Qd8 29. Qd4 Bg6 30. Rd6 Qc7 31. Rxd5 h5 32. e6 Rad8 33. f5 fxe6 34. fxe6 Rxd5
35. Qxd5 Kh7 36. Qxa5 Qd6 37. Qxb4 Qxe6 38. Qd4 Be4 39. Bc3 Qg6 40. Qf2 Rf8 41.
Qg3 Qxg3 42. hxg3 Rf7 43. Re1 Bb7 44. Re5 Kg6 45. Bd2 Rf5 46. Re7 Rf7 47. Re6+
Rf6 48. Re1 Bd5 49. Bc3 Re6 50. Rxe6+ Bxe6 51. Kf2 Kf7 52. b4 g6 53. b5 Ke7 54.
b6 Kd7 55. Ke3 Kc6 56. Bd4 Bd5 57. Kf2 1/2-1/2

[Event "3rd Al Ain Chess Rapid"]
[Site "Al-Ain UAE"]
[Date "2014.12.18"]
[Round "7.8"]
[White "Miroshnichenko, Evgenij"]
[Black "Pourramezanali, Amirreza"]
[Result "0-1"]
[WhiteTitle "GM"]
[BlackTitle "IM"]
[WhiteElo "2618"]
[BlackElo "2427"]
[WhiteFideId "14102595"]
[BlackFideId "12511412"]
[EventDate "2014.12.18"]

1. Nf3 d5 2. g3 Bg4 3. Bg2 Nd7 4. O-O e6 5. d4 Ngf6 6. Nbd2 Be7 7. Re1 O-O 8. e4
dxe4 9. Nxe4 Nxe4 10. Rxe4 Nf6 11. Re1 c5 12. c3 Qb6 13. Qb3 Nd7 14. Qa4 Bxf3
15. Bxf3 Rad8 16. d5 e5 17. Bg2 Bd6 18. Qc2 f5 19. Bg5 Rde8 20. Qa4 Qc7 21. Rad1
h6 22. Bc1 a6 23. Qh4 Rf6 24. Qh5 Ref8 25. c4 e4 26. b3 Be5 27. f3 Bd4+ 28. Kh1
Ne5 29. Bf4 g5 30. Bxe5 Qxe5 31. fxe4 f4 32. gxf4 Rxf4 33. Qg6+ Kh8 34. Qxh6+
Kg8 35. Qg6+ Kh8 36. Rd3 Rh4 37. Rh3 Rxh3 38. Bxh3 Rf6 39. Qh5+ Kg7 40. Be6 Bf2
41. Re2 Qa1+ 42. Kg2 Qg1+ 43. Kh3 Qf1+ 44. Kg4 Qxe2+ 45. Kxg5 Be3+ 0-1

[Event "3rd Al Ain Chess Rapid"]
[Site "Al-Ain UAE"]
[Date "2014.12.18"]
[Round "7.9"]
[White "Asadli, Vugar"]
[Black "Oleksienko, Mikhailo"]
[Result "0-1"]
[WhiteTitle "CM"]
[BlackTitle "GM"]
[WhiteElo "2043"]
[BlackElo "2621"]
[WhiteFideId "13405764"]
[BlackFideId "4152417"]
[EventDate "2014.12.18"]

1. e4 c6 2. Nf3 d5 3. exd5 cxd5 4. c4 d4 5. d3 Nc6 6. g3 Nf6 7. Bg2 g6 8. O-O
Bg7 9. Re1 Nd7 10. Na3 O-O 11. Nc2 a5 12. b3 Re8 13. Ba3 h6 14. Nd2 Kh7 15. Ne4
Nde5 16. h3 f5 17. Nc5 e6 18. Qd2 Ra7 19. f4 Nf7 20. Re2 Qc7 21. Rae1 Nfd8 22.
Bb2 Rf8 23. Na3 Nb4 24. Na4 Bd7 25. Nb5 Bxb5 26. cxb5 Qd6 27. Ba3 b6 28. Nb2 Qc5
29. Nc4 Qxb5 30. Rc1 Rg8 31. Nd6 Qd7 32. Bxb4 axb4 33. Nc8 Ra6 34. Qxb4 Bf8 35.
Qc4 b5 36. Qc7 Rg7 37. Qe5 Ba3 38. Rcc2 Bb4 39. Qb8 Bc3 40. Re5 b4 41. Rc5 Nb7
42. Rc4 Na5 43. Rc5 Nb7 44. Rc4 Nd6 45. Nxd6 Qxd6 46. Qb5 Rb6 47. Qc5 Qxc5 48.
Rxc5 Ra7 49. Re2 Kg7 50. Rc6 Rxc6 51. Bxc6 Kf6 52. Kf2 g5 53. Ba4 Rg7 54. Kf3 h5
55. Bb5 g4+ 56. hxg4 hxg4+ 57. Kf2 Re7 58. Re5 Ra7 59. Ba4 Bd2 60. Kg2 Rc7 61.
Re2 Be3 62. Bb5 Rc1 63. Bc4 e5 64. fxe5+ Kxe5 65. a3 bxa3 66. Ra2 f4 67. gxf4+
Kxf4 68. b4 Rb1 69. b5 Rb2+ 70. Rxb2 axb2 71. Ba2 Kg5 72. b6 Bf4 73. b7 Kf6 74.
Kf2 Ke7 75. Ke2 g3 76. Kf3 Bb8 77. Kg2 Kd7 0-1

[Event "3rd Al Ain Chess Rapid"]
[Site "Al-Ain UAE"]
[Date "2014.12.18"]
[Round "7.10"]
[White "Kravtsiv, Martyn"]
[Black "Soozankar, A.M."]
[Result "1-0"]
[WhiteTitle "GM"]
[BlackTitle "FM"]
[WhiteElo "2576"]
[BlackElo "2183"]
[WhiteFideId "14113147"]
[BlackFideId "12503029"]
[EventDate "2014.12.18"]

1. e4 e6 2. d4 d5 3. e5 c5 4. c3 Nc6 5. Nf3 Bd7 6. a3 f6 7. b4 fxe5 8. b5 Nxd4
9. Nxe5 Nf5 10. Qh5+ g6 11. Nxg6 Nf6 12. Qh3 Rg8 13. Nxf8 Kxf8 14. Bd3 Qe8 15.
a4 Qg6 16. Bxf5 exf5 17. Qh6+ Qxh6 18. Bxh6+ Kf7 19. O-O Rae8 20. Nd2 Ne4 21.
Rfc1 Re6 22. Bf4 Rg4 23. Nxe4 fxe4 24. Be3 b6 25. Rd1 Re5 26. a5 Bxb5 27. axb6
axb6 28. Rdb1 Be2 29. Rxb6 Bf3 30. g3 d4 31. cxd4 cxd4 32. Bxd4 Re7 33. Rf6+ Ke8
34. Ra8+ Kd7 35. Bc5 Re6 36. Ra7+ Kc6 37. Rxe6+ Kxc5 38. Rxh7 Rg8 39. Rc7+ Kd5
40. Ra6 Rb8 41. Ra1 e3 42. fxe3 Rb2 43. Rf7 Rg2+ 44. Kf1 Rxh2 45. Ra5+ Ke4 46.
Rf4+ 1-0

[Event "3rd Al Ain Chess Rapid"]
[Site "Al-Ain UAE"]
[Date "2014.12.18"]
[Round "7.11"]
[White "Moskalenko, Viktor1"]
[Black "Hilwani, Talal"]
[Result "1-0"]
[WhiteTitle "GM"]
[WhiteElo "2528"]
[BlackElo "2274"]
[WhiteFideId "14100100"]
[BlackFideId "7600410"]
[EventDate "2014.12.18"]

1. d4 d5 2. c4 c6 3. cxd5 cxd5 4. Nc3 Nf6 5. Bf4 a6 6. e3 Nc6 7. Rc1 Bg4 8. f3
Bd7 9. g4 e6 10. Bd3 h6 11. Nge2 Be7 12. h4 Rc8 13. Kf2 Nh7 14. Bg3 Na5 15. b3
Ba3 16. Rc2 Nc6 17. Nb1 Be7 18. a3 Na5 19. Nc1 Nf6 20. Rxc8 Qxc8 21. Bc2 Bb5 22.
Nd3 Bxd3 23. Qxd3 Qc6 24. Rc1 Kd7 25. Qd2 Qb6 26. Bd1 Rc8 27. Rxc8 Kxc8 28. Qc3+
Nc6 29. b4 Kd7 30. Ba4 Ne8 31. Nd2 Nd6 32. Qd3 Qd8 33. Bxc6+ Kxc6 34. h5 Bh4 35.
Kg2 Bxg3 36. Kxg3 Qg5 37. f4 Qd8 38. Qh7 Qf8 39. Qc2+ Kd7 40. Qc5 Qd8 41. a4 b6
42. Qc2 b5 43. axb5 axb5 44. Qh7 Qf8 45. Kh3 Ke7 46. Nf3 Ne4 47. Ne5 Nf6 48. Qc2
Qa8 49. Qc7+ Ke8 50. Qxf7+ Kd8 51. Qxg7 1-0

[Event "3rd Al Ain Chess Rapid"]
[Site "Al-Ain UAE"]
[Date "2014.12.18"]
[Round "7.14"]
[White "Raja Harshit"]
[Black "Sagar, Shah"]
[Result "0-1"]
[WhiteElo "2116"]
[BlackElo "2468"]
[WhiteFideId "5089000"]
[BlackFideId "5022509"]
[EventDate "2014.12.18"]

1. e4 d6 2. d4 Nf6 3. Nc3 g6 4. Bc4 Bg7 5. f4 O-O 6. e5 Nfd7 7. e6 fxe6 8. Bxe6+
Kh8 9. Nf3 Nb6 10. Ng5 Qe8 11. Qg4 Nc6 12. Qh3 h6 13. Nb5 Qd8 14. Qd3 Rf6 15. d5
Nb4 16. Qb3 N4xd5 17. Nf7+ Rxf7 18. Bxf7 e6 19. Bxg6 a6 20. Nc3 Nxc3 21. bxc3
Qf6 22. O-O Qxg6 23. Be3 Bd7 24. Bxb6 cxb6 25. Qxb6 Bc6 26. Rf2 Bxc3 27. Rd1 e5
28. f5 Qf6 29. Qc7 Bd4 30. Rxd4 exd4 31. h3 Rg8 32. Qb6 Rg5 33. Qc7 Rg7 34. Qc8+
Kh7 35. Qb8 Re7 36. Kh2 Qe5+ 37. Kg1 Qe1+ 38. Rf1 Qe3+ 39. Rf2 Rg7 0-1

[Event "3rd Al Ain Chess Rapid"]
[Site "Al-Ain UAE"]
[Date "2014.12.18"]
[Round "7.15"]
[White "Tagelsir, Abubaker"]
[Black "Gasimov, Parviz"]
[Result "1-0"]
[WhiteTitle "FM"]
[BlackTitle "CM"]
[WhiteElo "2029"]
[BlackElo "2295"]
[WhiteFideId "12200875"]
[BlackFideId "13408798"]
[EventDate "2014.12.18"]

1. e4 c5 2. Nc3 Nc6 3. f4 g6 4. Nf3 Bg7 5. Bb5 e6 6. Bxc6 bxc6 7. e5 d5 8. exd6
Qxd6 9. d3 Nf6 10. O-O O-O 11. Be3 Nd5 12. Qd2 Nxe3 13. Qxe3 Bd4 14. Nxd4 cxd4
15. Ne4 Qd8 16. Qh3 e5 17. Qh6 f5 18. Ng5 Qe7 19. fxe5 Be6 20. Rf4 a5 21. Rxd4
Bd5 22. c4 Qa7 23. Kh1 Rf7 24. cxd5 Qxd4 25. Nxf7 Qxb2 26. Rg1 cxd5 27. Ng5 Ra7
28. Re1 Qd2 29. Qh4 Qxd3 30. Nf3 Rb7 31. e6 1-0

[Event "3rd Al Ain Chess Rapid"]
[Site "Al-Ain UAE"]
[Date "2014.12.18"]
[Round "7.16"]
[White "Rafee, Mohd Hayel"]
[Black "Safranska, Anda"]
[Result "1-0"]
[BlackTitle "WGM"]
[WhiteElo "1931"]
[BlackElo "2267"]
[WhiteFideId "7603126"]
[BlackFideId "11600209"]
[EventDate "2014.12.18"]

1. e4 g6 2. d4 Bg7 3. Nc3 c6 4. Nf3 d6 5. Bd3 Bg4 6. Be3 Qb6 7. Qd2 Nd7 8. Na4
Qc7 9. h3 Bxf3 10. gxf3 b5 11. Nc3 a6 12. a3 e6 13. f4 Ne7 14. h4 c5 15. dxc5
dxc5 16. f5 c4 17. fxe6 fxe6 18. Be2 Rd8 19. Rd1 O-O 20. Qd6 Qxd6 21. Rxd6 Nb8
22. Rxe6 Rf6 23. Rxe7 1-0

[Event "3rd Al Ain Chess Rapid"]
[Site "Al-Ain UAE"]
[Date "2014.12.18"]
[Round "7.17"]
[White "Aliyev, Elnur"]
[Black "Mokal, Amruta Sunil"]
[Result "0-1"]
[WhiteElo "2141"]
[BlackElo "2054"]
[WhiteFideId "13402617"]
[BlackFideId "5016371"]
[EventDate "2014.12.18"]

1. e4 c5 2. b3 b6 3. Bb2 Bb7 4. Nc3 e6 5. Nf3 Be7 6. d4 cxd4 7. Nxd4 a6 8. Qg4
Bf6 9. O-O-O Qc7 10. f4 h5 11. Qg3 h4 12. Qe3 d6 13. f5 Qe7 14. fxe6 Bg5 15.
exf7+ Kxf7 16. Bc4+ Kg6 17. Nf5 Bxe3+ 18. Kb1 Qg5 19. Rxd6+ Nf6 20. Nd5 Nd7 21.
Nfxe3 b5 22. Bd3 Kh6 23. Nf5+ Kh5 24. e5 Bxd5 25. exf6 Bxg2 26. Rg1 Nxf6 27.
Be2+ Kg6 28. Nxg7 Kxg7 29. Bxf6+ Qxf6 30. Rxg2+ Kf7 31. Rd7+ Ke6 32. Bg4+ Ke5
33. Re2+ Kf4 34. Rf2+ Ke5 35. Re2+ Kf4 36. Rf2+ Kg5 37. Rd5+ Kg6 38. Bf5+ Kh6
39. Rd7 Rad8 40. Rfd2 Rxd7 41. Bxd7 0-1

[Event "3rd Al Ain Chess Rapid"]
[Site "Al-Ain UAE"]
[Date "2014.12.18"]
[Round "7.18"]
[White "Puranik, Abhimanyu"]
[Black "Bunyatov, Rustam"]
[Result "1-0"]
[WhiteTitle "CM"]
[BlackTitle "CM"]
[WhiteElo "2255"]
[BlackElo "2077"]
[WhiteFideId "5061245"]
[BlackFideId "13410210"]
[EventDate "2014.12.18"]

1. e4 e5 2. a3 Nf6 3. Nc3 Bc5 4. Nf3 d6 5. Bc4 O-O 6. d3 c6 7. Ba2 Bb6 8. h3 Re8
9. Bg5 Nbd7 10. Qd2 Nf8 11. Be3 Ne6 12. Ne2 Ba5 13. b4 Bc7 14. O-O d5 15. Ng3 h6
16. Qe2 Nf4 17. Qd2 Ne6 18. exd5 cxd5 19. d4 e4 20. Ne5 Nf8 21. Rae1 Be6 22. Bf4
Ng6 23. Nxg6 fxg6 24. f3 g5 25. Be5 exf3 26. Rxf3 Bxe5 27. Rxe5 Bf7 28. c3 a5
29. Bb1 axb4 30. cxb4 Qb6 31. Kh1 Qc7 32. Rfe3 Nd7 33. Rxe8+ Rxe8 34. Rxe8+ Bxe8
35. Nf5 Nf6 36. Qe3 Bf7 37. Bd3 g4 38. h4 Kf8 39. a4 Bg6 40. Qe5 Qc1+ 41. Kh2
Bxf5 42. Bxf5 Qc3 43. Qd6+ Kf7 44. Qe6+ Kf8 45. Qc8+ Qxc8 46. Bxc8 b6 47. a5
bxa5 48. bxa5 Ne8 49. a6 Nc7 50. a7 Kf7 51. Bb7 Kf6 52. Bxd5 Kf5 53. Kg3 g5 54.
hxg5 Kxg5 55. a8=Q Nxa8 56. Bxa8 h5 57. Kf2 h4 58. Ke3 Kf5 59. Be4+ Kg5 60. d5
g3 61. Kf3 Kh5 62. d6 1-0